LEADER 02232nam 2200553I 450 001 996414150303316 005 20231110232231.0 010 $a0-262-36233-3 010 $a0-262-36323-2 035 $a(CKB)4100000011867675 035 $a(MiAaPQ)EBC6534215 035 $a(Au-PeEL)EBL6534215 035 $a(OCoLC)1245671973 035 $a(oapen)https://directory.doabooks.org/handle/20.500.12854/78610 035 $a(OCoLC)1202407378 035 $a(OCoLC-P)1202407378 035 $a(MaCbMITP)12517 035 $a(EXLCZ)994100000011867675 100 $a20201030d2020 uy 0 101 0 $aeng 135 $aurcnu|||||||| 181 $ctxt$2rdacontent 182 $cc$2rdamedia 183 $acr$2rdacarrier 200 14$aThe constitution of algorithms $eground-truthing, programming, formulating /$fFlorian Jaton ; foreword by Geoffrey C. Bowker 210 1$aCambridge, Massachusetts :$cThe MIT Press,$d[2020] 215 $a1 online resource (294 pages) 225 1 $aInside technology 311 $a0-262-54214-5 327 $aIntro -- Series Page -- Title Page -- Copyright -- Dedication -- Table of Contents -- Foreword -- Acknowledgments -- Introduction -- I: Ground-Truthing -- 1. Studying Computer Scientists -- 2. A First Case Study -- II: Programming -- 3. Von Neumann's Draft, Electronic Brains, and Cognition -- 4. A Second Case Study -- III: Formulating -- 5. Mathematics as a Science -- 6. A Third Case Study -- Conclusion -- Glossary -- References -- Index -- Series List. 330 $a"Ethnographic study of the constitution of algorithms"--$cProvided by publisher. 410 0$aInside Technology 606 $aAlgorithms$vCase studies 606 $aComputer programming$vCase studies 606 $aAlgorithms$xSocial aspects 606 $aMathematics$xPhilosophy 615 0$aAlgorithms 615 0$aComputer programming 615 0$aAlgorithms$xSocial aspects. 615 0$aMathematics$xPhilosophy. 676 $a518/.1 700 $aJaton$b Florian$01208564 702 $aBowker$b Geoffrey C. 801 0$bOCoLC-P 801 1$bOCoLC-P 906 $aBOOK 912 $a996414150303316 996 $aThe constitution of algorithms$92788179 997 $aUNISA LEADER 02110oas 2200781 a 450 001 9910139221803321 005 20251105213014.0 011 $a1468-5973 035 $a(DE-599)ZDB2020585-5 035 $a(OCoLC)37772900 035 $a(CONSER) 2007252083 035 $a(CKB)960238766404 035 $a(EXLCZ)99960238766404 100 $a19971013a19939999 sy a 101 0 $aeng 135 $aurmnu|||||||| 181 $ctxt$2rdacontent 182 $cc$2rdamedia 183 $acr$2rdacarrier 200 10$aJournal of contingencies and crisis management 210 $a[Oxford] $cBlackwell Publishers 215 $a1 online resource 300 $aRefereed/Peer-reviewed 300 $aTitle from journal home page (Business Source Complete, viewed Jul. 27, 2007). 311 08$a0966-0879 517 3 $aContingencies and crisis management 606 $aCrisis management$vPeriodicals 606 $aGestion de crise$vPe?riodiques 606 $aCrisis Management$2ebps 606 $aCrisis management$2fast$3(OCoLC)fst00883617 606 $aGestion de crise$2rasuqam 608 $aPeriodicals.$2fast 608 $aPeriodicals.$2lcgft 608 $aRessource Internet (Descripteur de forme)$2rasuqam 608 $aPe?riodique e?lectronique (Descripteur de forme)$2rasuqam 615 0$aCrisis management 615 6$aGestion de crise 615 7$aCrisis Management. 615 7$aCrisis management. 615 17$aGestion de crise. 676 $a658.4 801 0$bF#A 801 1$bF#A 801 2$bOCL 801 2$bOCLCQ 801 2$bWAU 801 2$bUQ1 801 2$bOCLCQ 801 2$bOCLCF 801 2$bOCLCQ 801 2$bWT2 801 2$bNLE 801 2$bOCLCQ 801 2$bAU@ 801 2$bUKMGB 801 2$bVT2 801 2$bNJT 801 2$bOCLCQ 801 2$bSRU 801 2$bUBY 801 2$bOCLCQ 801 2$bOCLCL 801 2$bYOU 801 2$bOCLCQ 906 $aJOURNAL 912 $a9910139221803321 996 $aJournal of contingencies and crisis management$92037138 997 $aUNINA